[Event "RUS-chT Blitz Women 2018"]
[Site "Sochi"]
[Date "2018.10.10"]
[Round "10"]
[White "Zavivaeva, Evelina"]
[Black "Illina, Natalia"]
[Result "0-1"]
[WhiteElo "1323"]
[BlackElo "2106"]
[Annotator "TA"]
[PlyCount "170"]
[EventDate "2018.10.10"]
[EventType "swiss"]
[EventCountry "RUS"]
[SourceTitle "playchess.com"]
[Source "ChessBase"]
[SourceQuality "1"]

{[%evp 11,169,6,21,-8,5,0,27,23,26,18,51,22,33,-7,53,48,38,2,9,-113,-114,-206,-200,-197,-164,-254,-242,-239,-236,-225,-185,-206,-169,-251,-131,-131,-131,-156,-118,-114,51,53,45,41,49,50,106,81,83,-25,83,76,90,82,93,85,160,74,113,77,50,25,32,10,18,18,19,24,17,-172,-139,-244,-241,-288,-133,-126,54,-288,-183,-235,-227,-400,-210,-251,-156,-360,-168,-381,-161,-360,-289,-382,-379,-590,-589,-492,-488,-748,-742,-714,-568,-722,-595,-753,-749,-827,-822,-968,-904,-1252,-1241,-1252,-1222,-29967,-4710,-2387,-2579,-29978,-29979,-29983,-29984,-29989,-29990,-29990,-29985,-29985,-29986,-29986,-29987,-29987,-29988,-29989,-29990,-29990,-29991,-29990,-29989,-29992,-29989,-29993,-29989,-29994,-29995,-29995,-29996,-29996,-29996,-29996,-29996,-29997,-29996,-29996,-29997,-29997,-29998,-29998,-29998,-29998,-29999,-29999]} 1. e4 c5 2. c3 d5 3. exd5 Qxd5 4. d4 Nf6 5. Nf3 e6 6. Be2 Nc6 {LiveBook: 663 Games} 7. Bf4 {B22: Sicilian: 2 c3} (7. O-O cxd4 8. Nxd4 Bd7 9. Bf3 Qa5 10. Nxc6 Bxc6 11. Bxc6+ bxc6 12. Nd2 Qb5 13. c4 Qb6 14. Qf3 Be7 15. b3 {½-½ (46) Solak,D (2641)-Zhigalko,S (2635) Khanty-Mansiysk 2017}) 7... cxd4 8. cxd4 Bb4+ 9. Nc3 {White has an edge.} O-O 10. O-O Qa5 11. Qc2 $146 ({Predecessor:} 11. Nb5 Nd5 12. Bg3 Qd8 13. Rc1 a6 14. Nc3 Nce7 15. Nxd5 Nxd5 16. Bd3 h6 17. Qe2 Bd6 18. Bxd6 Qxd6 {0-1 (32) Criqui,L (1686)-Damboise,P (1927) France 2008}) 11... Rd8 12. Rad1 Bxc3 ({Black should play} 12... Bd7 $11) 13. bxc3 $14 Ne7 14. Bd3 Bd7 15. Ne5 (15. Qb2 $11) 15... Ba4 $17 16. Qd2 (16. Qb2 $17 Bxd1 17. Rxd1) 16... Bxd1 $19 17. Rxd1 Ned5 18. Rc1 (18. c4 {was called for.} Qxd2 19. Bxd2) 18... Nxf4 19. Qxf4 Rac8 20. c4 Qa3 21. Rc2 Qb4 22. h3 {[#]} (22. g4 {might work better.} b5 23. g5 bxc4 24. Bf1) 22... Qe1+ ({Better is} 22... b5 $1 $19 {...bxc4 is the strong threat.} 23. Kh2 (23. cxb5 Qb1+) 23... bxc4 24. Nxc4 Qb1) 23. Kh2 $17 Qa1 24. Nf3 {[#] Threatens to win with Qd2.} b5 $1 25. c5 {Hoping for Qd2.} (25. cxb5 Rxc2) 25... b4 $2 (25... Qd1 $17 26. Ne5 Qb1) 26. Qd2 $1 $14 {[#]} b3 $1 {[%cal Rb3c2]} 27. axb3 {[%cal Ba2b3,Bb3b4][%mdl 32]} Qa3 28. b4 $1 {[%mdl 1024] White has compensation.} Qa4 (28... Nd5 $14) 29. Rb2 Qd7 30. Qc3 {[#]} (30. Qc2 $16) 30... Qd5 (30... e5 $1 $11 {[%mdl 512] keeps the balance.}) 31. Bc4 Qe4 32. Qe3 Qg6 33. Ne5 Qh5 (33... Qe4 $142) 34. Qf4 (34. b5 $142) 34... h6 35. Rd2 Qg5 36. Qxg5 (36. Qe3 {is interesting.} Rc7 37. f4 Qf5 38. b5 Nd5 39. Bxd5 Rxd5 40. Rb2) 36... hxg5 37. Nf3 Ne4 38. Re2 Nc3 39. Rc2 Nd5 40. Nxg5 $2 (40. b5 $11 {and White is okay.}) 40... Nxb4 $19 41. Rb2 (41. Rc1 $17 {was worth a try.}) 41... a5 42. Nf3 Rd7 (42... Rb8 $19 43. Kg3 a4) 43. Bb5 $17 Rb7 $2 {[#]} ({Black should try} 43... Ra7 $17 {White must now prevent ...Nd5.} 44. Ba4 Rd8) 44. Bc4 $2 {[%mdl 8192]} (44. Ba6 $1 $14 {[%mdl 512] was forced to keep a grip.} Rbc7 (44... Nxa6 45. Rxb7) 45. Bxc8 Rxc8 46. Kg3) 44... Rbc7 45. Rb1 (45. Bb3 $142) 45... Rd8 46. Rd1 $2 {[#]} (46. Kg3) 46... Kf8 (46... Rxc5 $142 $1 {[%mdl 512]} 47. Bb3 (47. dxc5 Rxd1) 47... Rc3) 47. Ra1 Ra8 48. Be2 $2 (48. Bb5 $17 {was necessary.}) 48... Ke7 (48... a4 $142 49. Ra3 Nc2) 49. Kg3 $2 (49. Ra4) 49... Rd7 (49... a4 $142 {Strongly threatening ...a3.} 50. Ra3 Nc2) 50. Bc4 $2 (50. Bb5 Rb7 51. Ba4) 50... Nc2 51. Ra2 Nxd4 52. Nxd4 (52. Ne5 $142 Rc7 53. Nd3) 52... Rxd4 $19 {[%mdl 4096] Endgame KRR-KRB} 53. Be2 a4 {[%cal Ba5a4,Ba4a3][%mdl 32]} 54. Bf1 (54. Kf3 $142) 54... Rd1 55. Be2 Rc1 56. Bf3 Ra7 57. c6 Rc3 58. Kg4 a3 59. h4 Kd6 60. h5 Ra4+ 61. Kh3 Rb3 62. g3 Rb2 (62... Rxf3 $142 63. Kg2 Rb3 64. Rc2 Kc7 65. h6 gxh6 66. Ra2 Rb2 67. Ra1 a2 68. g4 Rb1 69. Rxa2 Rxa2 70. Kg3 Rb3+ 71. f3 Raa3 72. Kf2 Rxf3+ 73. Ke2 Rh3 74. Kf1 Ra2 75. Kg1 Rc3 76. Kh1 Rc1#) 63. Ra1 a2 64. Kg2 Rb1 {Black mates.} 65. Rxa2 Rxa2 66. Kh3 Rxf2 67. Bg2 {[#]} Rxg2 $1 68. Kxg2 Kxc6 {KR-KPP} 69. Kf3 Kd5 70. g4 e5 71. Kg3 Ke4 72. Kf2 Kf4 73. Ke2 Rb3 74. Kf2 Re3 75. Kg2 Rf3 76. Kh2 Rg3 77. h6 gxh6 78. g5 Rxg5 {KR-K} 79. Kh3 Rg4 80. Kh2 e4 81. Kh3 e3 82. Kh2 e2 83. Kh3 Rg8 84. Kh2 e1=Q {[%cal Re1h4]} 85. Kh3 Qg3# {Precision: White = 17%, Black = 30%.} (85... Qh1# $142) 0-1

[Event "RUS-chT Blitz Women 2018"]
[Site "Sochi"]
[Date "2018.10.10"]
[Round "10"]
[White "Sirotkina, Elizaveta"]
[Black "Girya, Olga"]
[Result "0-1"]
[WhiteElo "1234"]
[BlackElo "2479"]
[Annotator "TA"]
[PlyCount "78"]
[EventDate "2018.10.10"]
[EventType "swiss"]
[EventCountry "RUS"]
[SourceTitle "playchess.com"]
[Source "ChessBase"]
[SourceQuality "1"]

{[%evp 9,78,11,29,0,5,0,4,-11,5,8,18,-2,0,-37,-12,-16,-9,-66,-74,-67,-60,-56,-31,-66,-27,-84,-79,-93,-94,-168,-134,-132,-124,-170,-190,-276,-254,-454,-334,-454,-258,-487,-408,-407,-407,-596,-585,-621,-541,-526,-500,-586,-540,-788,-529,-516,-520,-1291,-1277,-1235,-1101,-1337,-1292,-1204,-1156,-2083,-2066,-6518,-6331,-29979,-29974]} 1. e4 c6 2. d4 d5 3. exd5 cxd5 4. Nf3 Nc6 5. c3 Nf6 {LiveBook: 131 Games} 6. Bg5 {B13: Caro-Kann: Exchange Variation and Panov-Botvinnik Attack} Bg4 7. Nbd2 e6 8. Bb5 $146 {The position is equal.} ({Predecessor:} 8. Bd3 Bd6 9. O-O O-O 10. Qb1 h6 11. Bh4 Qc7 {½-½ (36) Artemiev,V (2691)-Ding,L (2777) Huaian 2017}) 8... Rc8 {[%cal Ba8c8,Bc8c6,Bc6b6][%mdl 32]} 9. O-O Be7 10. Rc1 O-O 11. Qc2 h6 (11... Bf5 {seems wilder.} 12. Qd1 Qb6 13. Bxc6 Qxc6 14. Ne5 Qa6) 12. Bxf6 Bxf6 13. Bxc6 ({White should play} 13. Qb1 $11) 13... Rxc6 $15 14. Ne5 Bxe5 $1 15. dxe5 Bf5 $36 {[%mdl 2048] Black has good play.} 16. Qd1 Qa5 17. a3 (17. Ra1 $11) 17... Rb6 $17 18. b4 Qxa3 19. Qb3 (19. Nb3 $17 {was worth a try.}) 19... Qxb3 20. Nxb3 Rc8 21. f4 Rbc6 22. Nc5 (22. Nd4 $142 Rxc3 23. Rxc3 Rxc3 24. Nxf5 exf5 25. b5) 22... b6 23. Na4 $2 {[#]} (23. Nb7) 23... Bd3 24. Rf3 Be4 (24... Be2 $142 25. Rf2 Bb5) 25. Rff1 $2 (25. Re3) 25... Rc4 26. Rfe1 Bf5 27. Re3 {[#]} (27. Ra1 $142) 27... Rxb4 $1 $19 {[%mdl 512]} 28. Ra1 (28. cxb4 Rxc1+) 28... Rxf4 29. Nb2 a5 30. Nd1 Rfc4 31. Ra3 Bg4 32. Nb2 R4c6 33. Nd1 (33. Kf1 $142) 33... Bxd1 34. Re1 Bg4 35. Rc1 Bf5 36. Kf2 Rc4 37. Kg1 d4 {[%cal Bd5d4,Bd4c3,Bc3c2][%mdl 32]} 38. Raa1 dxc3 39. Ra2 c2 {Precision: White = 21%, Black = 60%.} 0-1

[Event "RUS-chT Blitz Women 2018"]
[Site "Sochi"]
[Date "2018.10.10"]
[Round "10"]
[White "Sarvarova, Alisa"]
[Black "Kovanova, Baira"]
[Result "0-1"]
[WhiteElo "1216"]
[BlackElo "2350"]
[Annotator "TA"]
[PlyCount "74"]
[EventDate "2018.10.10"]
[EventType "swiss"]
[EventCountry "RUS"]
[SourceTitle "playchess.com"]
[Source "ChessBase"]
[SourceQuality "1"]

{[%evp 10,73,50,36,102,60,100,91,103,96,100,104,95,82,176,29,64,29,40,16,22,22,21,6,15,-14,0,-16,-17,-57,-62,-150,-145,-138,-121,-187,-196,-183,-116,-175,-183,-178,-87,-572,-570,-560,-560,-699,-647,-616,-613,-29982,-29983,-29987,-29988,-29990,-29991,-29990,-29991,-29993,-29994,-29996,-29994,-29994,-29995,-29999]} 1. e4 d6 2. d4 g6 3. Nf3 Bg7 4. Nc3 c6 5. Be3 b5 6. Bd3 {LiveBook: 86 Games} Bb7 {B06: Modern Defence} (6... Nf6 $14) (6... Nd7 7. Qd2 b4 8. Ne2 c5 9. dxc5 Nxc5 10. Bxc5 dxc5 11. Bb5+ Bd7 12. Bxd7+ Qxd7 13. Qxd7+ Kxd7 14. O-O-O+ Kc6 15. Kb1 {½-½ (35) Giri,A (2782)-Mamedyarov,S (2801) chess.com INT 2018}) 7. O-O Nf6 8. Qd2 O-O {White is better.} 9. Bh6 Nbd7 10. Bxg7 Kxg7 11. e5 Ng8 $146 {[#]} (11... Ne8 $16 {might work better.}) ({Predecessor:} 11... Ne8 12. a4 dxe5 13. dxe5 Nc7 14. Qf4 Ne6 15. Qh4 Ndc5 16. Rad1 Qc7 {1-0 (34) Stefanova,A (2509)-Khotenashvili,B (2502) Huaian 2016}) 12. exd6 (12. e6 $1 $18) 12... exd6 $11 13. Rfe1 a6 14. Ne4 Ndf6 15. Qf4 Nxe4 16. Bxe4 Nf6 17. Qh4 h6 18. Rad1 Re8 {...g5 is the strong threat.} 19. Bd3 c5 20. c3 (20. Rxe8 $15 Qxe8 21. Qf4) 20... Bxf3 $17 21. gxf3 c4 22. Be4 (22. Bf1 $17) 22... d5 $19 23. Bc2 {[#]} Qd6 ({Black should play} 23... b4 $1 $19 {[%mdl 512] And now ...Qa5 would win.} 24. cxb4 Qb6) 24. Kh1 (24. Qg3 $17 Qb8 25. Rxe8 Qxe8 26. Kf1) 24... Rxe1+ 25. Rxe1 Re8 (25... Nh5 $19 {has better winning chances.} 26. Qe7 Qxe7 27. Rxe7 Nf4) 26. Rg1 $2 {[%mdl 8192]} (26. Rxe8 $17 Nxe8 27. Qg3) 26... Re2 27. Bb1 Rxb2 28. Qh3 b4 29. cxb4 Qxb4 30. Qg3 {[%cal Rb1g6] intending Bxg6!} Rxb1 {Black mates.} 31. h4 c3 32. f4 c2 33. f5 Rxg1+ 34. Kxg1 c1=Q+ 35. Kg2 Qxd4 36. fxg6 Qe4+ 37. Kh2 Qch1# {Precision: White = 30%, Black = 59%.} (37... Qeh1# $142) 0-1

[Event "RUS-chT Blitz Women 2018"]
[Site "Sochi"]
[Date "2018.10.10"]
[Round "11"]
[White "Girya, Olga"]
[Black "Zhurova, Anna"]
[Result "1-0"]
[WhiteElo "2479"]
[BlackElo "1947"]
[Annotator "TA"]
[PlyCount "165"]
[EventDate "2018.10.10"]
[EventType "swiss"]
[EventCountry "RUS"]
[SourceTitle "playchess.com"]
[Source "ChessBase"]
[SourceQuality "1"]

{[%evp 13,165,17,46,46,32,47,69,69,126,49,87,88,89,70,63,35,39,14,20,8,2,2,21,22,17,18,39,24,21,14,31,12,22,6,7,0,0,0,22,0,76,72,66,56,66,63,63,26,26,26,26,-73,0,0,6,0,6,6,50,14,46,6,14,6,14,6,14,14,27,41,103,103,121,103,121,103,121,0,121,88,88,88,88,81,121,27,27,0,0,0,0,0,0,0,0,0,0,-7,0,0,0,0,0,0,29,0,0,0,0,0,0,0,766,0,0,-9,0,0,0,0,47,0,47,0,0,0,0,0,27,0,27,27,47,0,0,0,47,47,47,47,47,47,48,48,48,39,29977,29976,29976,29977,29980,29981,29981,29982]} 1. d4 Nf6 2. Nf3 e6 3. c4 d5 4. Nc3 c5 5. cxd5 Nxd5 6. g3 Nc6 7. Bg2 cxd4 8. Nxd4 {D41: Queen's Gambit Declined: Semi-Tarrasch with 5 cxd5} Nxc3 9. bxc3 Bd7 (9... Nxd4 10. Qxd4 Qxd4 11. cxd4 Bd6 12. a4 Rb8 13. Ba3 Ke7 14. Bxd6+ Kxd6 15. Kd2 Bd7 16. Rhc1 Rhc8 17. a5 Rxc1 18. Rxc1 b6 19. axb6 Rxb6 20. Ra1 Rb2+ 21. Kd1 Rb4 22. Ra6+ Ke7 23. Rxa7 Rxd4+ 24. Ke1 Ra4 25. Rxa4 Bxa4 {½-½ (25) Wojtaszek,R (2745)-Karjakin,S (2783) Shamkir 2017}) 10. Rb1 {White is slightly better.} Rb8 $146 (10... Na5 $14) ({Predecessor:} 10... e5 11. Nxc6 Bxc6 12. Bxc6+ bxc6 13. Qxd8+ Rxd8 14. Be3 Bd6 15. Bxa7 Ke7 {1-0 (48) Ruck,R (2557)-Erenberg,A (2386) Karlsruhe 2017}) 11. Nxc6 (11. Bf4 $16 e5 12. Nxc6 Bxc6 13. Bxc6+ bxc6 14. Qxd8+ (14. Bxe5 Qxd1+ 15. Rxd1 Rb2 $16) 14... Rxd8 15. Bxe5) 11... bxc6 12. Rxb8 Qxb8 13. O-O (13. Be3 {with more complications.} f6 14. Qc2 Qc7 15. O-O Be7 16. Rd1) 13... Bc5 14. Qd3 {Rd1 is the strong threat.} (14. Qd2 {keeps more tension.} Be7 15. Qd3 Qc7 16. Rd1 Bc8 17. Be4) 14... Qd6 15. Qxd6 Bxd6 16. Be3 Ke7 17. Rb1 Rb8 18. Rxb8 Bxb8 $11 {[%mdl 4096] Endgame KBB-KBB} 19. Bc5+ Ke8 20. Be4 f5 21. Bc2 Be5 22. c4 a6 23. f4 Bc3 24. Ba4 Kd8 25. Kf2 Kc7 26. e4 Ba5 (26... e5 $11) 27. Ke3 $16 g6 28. e5 Bb6 29. Kd4 $1 Ba5 30. Bd6+ Kb7 {[#] Threatens to win with ...c5+!} 31. Bd1 (31. Ke3 {feels hotter.} Bb6+ 32. c5 Ba5 33. Kf3 Be1 34. Bb3) 31... Be1 32. g4 (32. Ke3 $11 {keeps the balance.}) 32... Bf2+ ({Black should try} 32... Bd2 $17) 33. Kd3 $11 Be8 34. h3 Bg3 35. Ke3 Be1 36. Bc2 Ba5 37. c5 Kc8 38. Bb3 Bd7 39. Kf3 Bd8 40. Kg3 Kb7 41. Bc4 a5 (41... Ka7 $14) 42. a4 $16 Ka7 43. Bb3 Ka6 44. Ba2 Kb7 45. Bc4 Ka7 $1 46. Bd3 Kb7 47. h4 {[%cal Bh3h4,Bh4h5][%mdl 32]} Ka7 48. h5 Kb7 49. gxf5 (49. Bc4 $16) 49... gxf5 $11 50. h6 Be8 51. Bc4 Bf7 52. Bb3 Ka7 53. Ba2 Kb7 54. Bf8 Kc7 55. Kf3 Kb7 56. Bd6 Ka7 57. Kg3 Kb7 58. Bf8 Ka7 59. Bb3 Kb7 60. Kf3 Ka7 61. Ke3 Kb7 62. Bg7 Kc7 $2 {[%mdl 8192]} (62... Be7 $11) 63. Kd4 $2 (63. Bf6 $18 Kd7 64. Kf2) 63... Kd7 64. Kc3 Kc7 65. Bf6 Kd7 66. Kd3 Bc7 67. Bh4 Bb8 68. Be1 Bc7 $1 69. Ke3 Bd8 70. Bc4 Kc8 71. Ba6+ Kb8 72. Kf3 Ka7 73. Bc8 (73. Bc4 {seems wilder.} Kb8 74. Kg2 Kc8 75. Kh3 Kd7 76. Bh4) 73... Kb8 74. Ba6 $1 Ka7 75. Bc4 Kb7 76. Kg3 Ka7 77. Kh3 {Strongly threatening Bh4.} Kb7 78. Bh4 Bc7 79. Be7 {Hoping for Kh4.} Bb8 $2 {[%mdl 8192] [#]} (79... Kc8 $14) 80. Kh4 {White mates.} Ba7 81. Kg5 Kc7 82. Kf6 Bg6 83. Bxe6 {Precision: White = 42%, Black = 42%.} 1-0

[Event "RUS-chT Blitz Women 2018"]
[Site "Sochi"]
[Date "2018.10.10"]
[Round "11"]
[White "Kovanova, Baira"]
[Black "Soboleva, Anastasia"]
[Result "1-0"]
[WhiteElo "2350"]
[BlackElo "1769"]
[Annotator "TA"]
[PlyCount "87"]
[EventDate "2018.10.10"]
[EventType "swiss"]
[EventCountry "RUS"]
[SourceTitle "playchess.com"]
[Source "ChessBase"]
[SourceQuality "1"]

{[%evp 9,86,14,20,4,4,0,0,0,4,0,8,-11,0,-19,6,-5,0,-26,-26,-44,0,0,186,184,211,214,300,317,334,265,282,277,256,264,415,320,277,0,420,188,278,308,453,456,658,521,495,-521,-484,-468,318,328,538,516,1369,600,731,596,581,589,582,567,1436,852,2752,2135,29989,29977,12837,12835,2336,2189,29992,29993,29995,29996,29998,29999,29999]} 1. Nf3 Nf6 2. g3 b6 3. Bg2 Bb7 4. d3 e6 5. e4 {[%cal Be2e4,Be4e5][%mdl 32]} d5 6. e5 {A05: Réti Opening: 1 Nf3 Nf6} Nfd7 7. c3 c5 8. O-O {The position is equal.} Nc6 9. Re1 Be7 10. h4 h6 11. Qe2 Qc7 12. a4 $146 ({Predecessor:} 12. Na3 a6 13. Nc2 b5 14. h5 O-O-O 15. a4 Na5 16. axb5 axb5 {1-0 (44) Bologan,V (2693)-Kotsur,P (2559) Moscow 2011}) 12... Na5 13. Nbd2 {[%cal Bb1d2,Bd2f1,Bf1e3][%mdl 32]} O-O 14. Rb1 Rac8 15. Nf1 Bc6 $2 (15... d4 $11 {and Black has nothing to worry.}) 16. b4 $18 cxb4 17. cxb4 Bxb4 (17... Bxa4 $142 18. bxa5 Bc2) 18. Rxb4 Nc5 19. Bf4 Bxa4 20. Ne3 Nc6 21. Rbb1 b5 (21... Ne7 {was necessary.} 22. h5 d4) 22. Rec1 Nb3 23. Re1 $2 ({White must play} 23. Rxb3 $1 $18 Bxb3 24. Ng4) 23... Qb6 $2 {[%mdl 8192]} (23... Nc5 $1 $11 {and Black stays safe.}) 24. Nd2 (24. Ng4 $142) 24... Nbd4 (24... Ncd4 $142 25. Qd1 Nxd2 26. Qxd2 a5) 25. Qg4 Kh8 (25... Kh7 $142 26. Rec1 Qa5) 26. Qh5 Ne7 (26... Kg8 $142 27. Bxh6 gxh6 28. Qxh6 Nxe5 29. Qg5+ Ng6) 27. Ng4 Nef5 {[#] Threatens to win with ...g6.} 28. Nf3 $4 {[%mdl 8192]} (28. Nxh6 $1 $18 {[%mdl 512]} gxh6 (28... Nxh6 29. Bxh6) 29. Bxh6) 28... Nxf3+ 29. Bxf3 {[%cal Rg4h6] Black must now prevent Nxh6!} Bc2 $4 {[%mdl 8192] [#]} (29... g6 $19 {and life is good for Black.} 30. Qxh6+ Nxh6) 30. Nxh6 $1 Nxh6 $2 (30... g6 31. Qg5 (31. Nxf7+ Kg7 $18) 31... Nd4) 31. Bxh6 Rfd8 (31... g6 $142 32. Qg5 Rg8) 32. Bg5+ Kg8 33. Bxd8 Rxd8 34. Rbc1 Bxd3 35. Qg5 Bg6 36. Rc6 Qa5 37. Rec1 b4 38. Rc8 Rxc8 39. Rxc8+ Kh7 40. h5 Bd3 {[#]} 41. h6 $1 {[%csl Gh6][%cal Rg5g7] White mates.} Bg6 (41... gxh6 42. Qg8#) 42. hxg7 Kxg7 43. Qf6+ Kh6 44. Rh8# {Precision: White = 50%, Black = 27%.} 1-0

[Event "RUS-chT Blitz Women 2018"]
[Site "Sochi"]
[Date "2018.10.10"]
[Round "11"]
[White "Maletina, Tatiana"]
[Black "Bondareva, Daria"]
[Result "1-0"]
[WhiteElo "2270"]
[BlackElo "1979"]
[Annotator "TA"]
[PlyCount "81"]
[EventDate "2018.10.10"]
[EventType "swiss"]
[EventCountry "RUS"]
[SourceTitle "playchess.com"]
[Source "ChessBase"]
[SourceQuality "1"]

{[%evp 16,81,42,24,63,57,75,72,68,40,96,106,81,78,103,81,82,87,106,75,98,51,50,33,55,3,135,110,114,37,96,79,108,113,127,124,211,181,245,242,320,330,613,320,433,464,425,321,404,215,210,197,205,175,212,203,307,205,389,373,681,284,1197,1167,29994,1048,1306,1340]} 1. d4 Nf6 2. c4 e6 3. g3 d5 4. Nf3 dxc4 5. Bg2 c6 6. Ne5 Be7 7. O-O O-O 8. Nxc4 Nbd7 9. Nc3 Nb6 {E06: Closed Catalan: Early deviations} (9... c5 10. Bf4 cxd4 11. Qxd4 Nb6 12. Qxd8 Bxd8 13. Ne3 Re8 14. Bd6 Be7 15. Rfd1 Bxd6 16. Rxd6 Rb8 17. Nb5 {1-0 (40) Stupak,K (2588)-Tokranovs,D (2348) Katowice 2017}) 10. Ne5 c5 11. dxc5 Bxc5 {White is better.} 12. Bg5 Be7 (12... h6 $14 13. Bf4 Nbd5) 13. Qb3 $16 Qc7 14. Nd3 $146 ({Predecessor:} 14. Bf4 Nh5 15. Nb5 Qc5 16. Rfc1 Qb4 17. Be3 {1-0 (39) Tsvetkov,A-Filipov,F Sofia 1950}) 14... Qc4 15. Qxc4 Nxc4 16. b3 Nd6 17. Rac1 Bd7 18. Ne5 Rfd8 $1 19. Rfd1 Rac8 20. Rd3 (20. Nxd7 $14 Rxd7 21. Ne4 Rxc1 22. Nxf6+ (22. Bxc1 Ndxe4 23. Rxd7 Nxd7 $14) 22... gxf6 23. Bxc1) 20... Bc6 (20... Be8 $11) 21. Nxc6 bxc6 22. Rcd1 (22. Na4 $16) 22... Nb7 ({Better is} 22... h6 $14 23. Bxf6 gxf6) 23. Ne4 $36 {[%mdl 2048] White is really pushing.} Nd5 24. Bxe7 Nxe7 25. Rd7 Ng6 (25... Kf8 $16 {might work better.}) 26. Nc3 Rxd7 (26... Rb8 $142 27. Bxc6 Ne5) 27. Rxd7 $18 Nc5 28. Rxa7 h6 $2 {[#]} (28... Rb8 29. Bxc6 Ne5) 29. h4 Nf8 30. b4 Ncd7 31. Ne4 c5 32. bxc5 (32. b5 $142) 32... Nxc5 33. Nxc5 Rxc5 {[%mdl 4096] Endgame KRB-KRN} 34. a4 Rc1+ 35. Kh2 Rc2 (35... g5 {is a better defense.} 36. hxg5 hxg5) 36. Bf3 g6 $2 {[#]} (36... g5 37. hxg5 hxg5) 37. a5 e5 $2 (37... Ra2 38. a6 Nh7) 38. Re7 (38. a6 $142) 38... f6 $2 (38... Ra2 39. Bd5 Rxa5) 39. a6 Ra2 40. a7 (40. Bd5+ $142 Ne6 41. Bxe6+ Kf8 42. Rf7+ Kg8 43. Bxa2 g5 44. a7 gxh4 45. a8=Q#) 40... e4 41. Bxe4 {Precision: White = 22%, Black =  8%.} 1-0

[Event "RUS-chT Blitz Women 2018"]
[Site "Sochi"]
[Date "2018.10.10"]
[Round "11"]
[White "Vasilevich, Irina"]
[Black "Vinokur, Yuliya"]
[Result "1-0"]
[WhiteElo "2258"]
[BlackElo "2170"]
[Annotator "TA"]
[PlyCount "47"]
[EventDate "2018.10.10"]
[EventType "swiss"]
[EventCountry "RUS"]
[SourceTitle "playchess.com"]
[Source "ChessBase"]
[SourceQuality "1"]

{[%evp 9,47,-39,-26,-57,-26,-37,-20,-25,-25,-35,-28,-45,-37,-43,-41,-49,-31,-29,-30,-34,-14,-104,-98,-135,-148,-146,-29,-29,-29,-29,-24,-38,6,-171,0,0,154,155,29997,29998]} 1. b3 e5 2. Bb2 Nc6 3. e3 Nf6 4. Be2 (4. Bb5 Bd6 5. Na3 e4 6. Nc4 Be7 7. Bxc6 bxc6 8. Ne2 a5 9. O-O a4 10. d3 exd3 11. cxd3 axb3 12. axb3 Rxa1 13. Qxa1 {1-0 (27) Karjakin,S (2782)-Giri,A (2782) Leuven 2018}) 4... d5 {[%cal Bd7d5,Bd5d4][%mdl 32]} 5. d3 d4 {With the idea ...dxe3.} 6. e4 {A01: Nimzowitsch-Larsen Opening} Bb4+ $146 ({Predecessor:} 6... a5 7. Nf3 Bc5 8. O-O O-O 9. Nbd2 Qe7 10. h3 Ne8 11. Nc4 b5 12. Ncd2 {0-1 (35) Tortoza,C (1483)-Guelker,U (2155) Remote email 2013}) 7. Nd2 Qe7 8. a3 {The position is equal.} Bd6 9. Nc4 O-O 10. Nxd6 cxd6 11. Nf3 d5 12. Nd2 dxe4 13. dxe4 Be6 14. O-O a6 15. Bc4 (15. a4 $11 {remains equal.}) 15... Bxc4 $17 16. Nxc4 Nxe4 17. Re1 Nc3 ({Inferior is} 17... Qh4 18. g3 $16) (17... b5 $1 $17 {White must now prevent ...Nxf2.} 18. Nb6 Rad8 19. Rxe4 Qc5) 18. Bxc3 dxc3 19. Qf3 Qc5 20. Rad1 {[%cal Ba1d1,Bd1d7,Bd7g7][%mdl 32]} Nd4 21. Qe4 $2 {[#]} (21. Qxb7 $11 {and White stays safe.} f6 22. Re3) 21... f6 $2 (21... Rad8 $1 $19 {And now ...f6 would win.} 22. a4 f5) 22. Qxb7 $11 Nxc2 $2 {[#]} ({Black should play} 22... Rad8 $11 23. Rc1 a5) 23. Rd7 $1 $16 {[%cal Rd7g7][%mdl 512]} Rfb8 $2 (23... Kh8 $16 24. Rxg7 Ra7 25. Rxh7+ Kg8 26. Rg7+ (26. Qxa7 Qxa7 27. Rxa7 Nxe1 $14) 26... Kh8 27. Qxa7 Qxa7 28. Rxa7 Nxe1) 24. Rxg7+ {Precision: White = 46%, Black = 24%.} 1-0

[Event "RUS-chT Blitz Women 2018"]
[Site "Sochi"]
[Date "2018.10.10"]
[Round "11"]
[White "Schepetkova, Margarita"]
[Black "Pogonina, Natalija"]
[Result "1/2-1/2"]
[WhiteElo "2219"]
[BlackElo "2485"]
[Annotator "TA"]
[PlyCount "37"]
[EventDate "2018.10.10"]
[EventType "swiss"]
[EventCountry "RUS"]
[SourceTitle "playchess.com"]
[Source "ChessBase"]
[SourceQuality "1"]

{[%evp 16,37,0,5,12,6,11,29,33,29,30,35,29,25,100,64,60,19,37,7,15,-104,-96,-262]} 1. d4 Nf6 2. c4 e6 3. g3 d5 4. Bg2 Bb4+ 5. Nd2 O-O 6. Ngf3 {[%cal Bg1f3,Bf3e5,Be5d3,Bd3f4][%mdl 32]} b6 7. O-O Bb7 8. Ne5 Qc8 9. cxd5 {LiveBook: 4 Games. E16: Queen's Indian: 4 g3 Bb7 5 Bg2 Bb4+} (9. Ndf3 dxc4 10. Nxc4 Be7 11. Bg5 Rd8 12. Rc1 c5 13. b4 Nc6 14. bxc5 bxc5 15. e3 Ba6 16. Nfe5 Nxe5 17. Nxe5 {1-0 (64) Donchenko,A (2581)-Fressinet,L (2649) Porticcio 2018}) 9... exd5 10. Ndf3 h6 $146 ({Predecessor:} 10... Ne4 11. Bf4 Bd6 12. Rc1 Qe6 13. Nd3 Nd7 14. Bxd6 Qxd6 15. Nfe5 Nxe5 16. Nxe5 c5 17. Qa4 {0-1 (61) Alavkin,A (2439)-Ozolin,M (2370) Izhevsk 2009}) 11. Bf4 {The position is equal.} Bd6 12. Nd3 Bxf4 13. Nxf4 Nbd7 14. Rc1 Qd8 (14... Re8 $1 $11) 15. b4 Re8 16. e3 c6 17. Nd3 a5 {[%cal Ba7a5,Ba5b4][%mdl 32]} 18. h4 (18. a3 $11) 18... axb4 $17 19. a3 $2 {[%mdl 32768] Precision: White = 23%, Black = 74%. . An unexpected result.} (19. Nxb4 $17 {might work better.} c5 20. Nd3) 1/2-1/2